000 005270000a22001810004500
090 _aAR
_b00907
245 1 0 _aVoucher specimens and quality control in avian molecular studies
650 1 4 _aAves
_992429
650 1 4 _aColecciones biológicas
_94146
650 1 4 _aSistemática
_93510
650 1 4 _aBiología molecular
_993011
041 0 _aInglés
700 1 _aGraves, Gary R.
_993512
700 1 _aBraun, Michael J.
_994098
100 1 _aWinker, Kevin
_993131
942 _cARTICULO
773 1 _tIBIS
_3327
_h2
_q344-346
_d1996
_g138
999 _c9995
_d9995